000 01319nam a2200337Ia 4500
001 ebr10179770
003 CaPaEBR
006 m u
007 cr cn|||||||||
008 030219s2003 ilu sb 001 0 eng d
010 _z 2003004113
020 _z0838999328
020 _z0838908519
040 _aCaPaEBR
_cCaPaEBR
035 _a(OCoLC)76806212
050 1 4 _aZ665
_b.C776 2003eb
082 0 4 _a808/.06602
_221
100 1 _aCrawford, Walt.
245 1 0 _aFirst have something to say
_h[electronic resource] :
_bwriting for the library profession /
_cWalt Crawford.
260 _aChicago :
_bAmerican Library Association,
_c2003.
300 _avii, 141 p.
504 _aIncludes bibliographical references (p. 135), webography and index.
533 _aElectronic reproduction.
_bPalo Alto, Calif. :
_cebrary,
_d2009.
_nAvailable via World Wide Web.
_nAccess may be limited to ebrary affiliated libraries.
650 0 _aLibrary science
_xAuthorship.
650 0 _aLibrary science literature
_xPublishing.
650 0 _aCommunication in library science.
650 0 _aAuthorship
_xMarketing.
655 7 _aElectronic books.
_2local
710 2 _aebrary, Inc.
856 4 0 _uhttp://site.ebrary.com/lib/rucke/Doc?id=10179770
_zAn electronic book accessible through the World Wide Web; click to view
999 _c144490
_d144490